इसे छोड़कर सामग्री पर बढ़ने के लिए
Inicio
Centros participantes
Catálogo
Servicios
Contacto
लॉग इन करें
English
Deutsch
Español
Français
Italiano
日本語
Nederlands
Português
Português (Brasil)
中文(简体)
中文(繁體)
Türkçe
עברית
Gaeilge
Cymraeg
Ελληνικά
Català
Euskara
Русский
Čeština
Suomi
Svenska
polski
Dansk
slovenščina
اللغة العربية
বাংলা
Galego
Tiếng Việt
Hrvatski
हिंदी
Հայերէն
Українська
Sámegiella
भाषा
सभी फ़ील्ड्स
शीर्षक
लेखक
विषय
बोधानक
आईएसबीएन / आईएसएसएन
टैग
खोज
उन्नत
Intervención
इसे उद्धृत करें
इसे ईमेल करें
प्रिंट
निर्यात रिकॉर्ड
को निर्यात RefWorks
को निर्यात EndNoteWeb
को निर्यात EndNote
सूची में सहेजें
स्थायी लिंक
पहली रेटिंग जोड़ें
Intervención
में बचाया:
ग्रंथसूची विवरण
निगमित लेखक:
Federación Nacional de Trabajadores Agrícolas y de Plantaciones
स्वरूप:
मूलपाठ
प्रकाशित:
San José:
FENTRAP
टैग:
टैग जोड़ें
कोई टैग नहीं, इस रिकॉर्ड को टैग करने वाले पहले व्यक्ति बनें!
होल्डिंग्स
विवरण
टिप्पणियाँ
समान संसाधन
स्टाफ के लिए
MARC
LEADER
00000 a a2200000 04500
001
25360
003
040
090
|a
181401
110
|a
Federación Nacional de Trabajadores Agrícolas y de Plantaciones
245
|a
Intervención
260
|a
San José:
|b
FENTRAP
300
|a
17 p
999
|c
14172
|d
14172
समान संसाधन
Intervención norteamericana
No intervención en Nicaragua
Intervenciones del debate /
द्वारा: Sánchez, Noél
La soñada intervención /
द्वारा: Pérez Zeledón, Pedro, 1854-1930
No intervención y orden internacional
द्वारा: Vicent, R. J